Constitutional law of Ghana: text, cases and commentary. / (Record no. 9846)
[ view plain ]
| 000 -LEADER | |
|---|---|
| fixed length control field | 00864nam a22001937a 4500 |
| 003 - CONTROL NUMBER IDENTIFIER | |
| control field | OSt |
| 005 - DATE AND TIME OF LATEST TRANSACTION | |
| control field | 20230626124537.0 |
| 008 - FIXED-LENGTH DATA ELEMENTS--GENERAL INFORMATION | |
| fixed length control field | 190716b xxu||||| |||| 00| 0 eng d |
| 040 ## - CATALOGING SOURCE | |
| Transcribing agency | LC |
| 050 ## - LIBRARY OF CONGRESS CALL NUMBER | |
| Classification number | KRX1750.A26 |
| 100 ## - MAIN ENTRY--PERSONAL NAME | |
| Personal name | Abotsi, Kofi E. |
| 9 (RLIN) | 1891 |
| 245 ## - TITLE STATEMENT | |
| Title | Constitutional law of Ghana: text, cases and commentary. / |
| Statement of responsibility, etc. | E. Kofi Abotsi |
| 260 ## - PUBLICATION, DISTRIBUTION, ETC. | |
| Place of publication, distribution, etc. | London: |
| Date of publication, distribution, etc. | 2017. |
| Name of publisher, distributor, etc. | [s.n.] |
| 300 ## - PHYSICAL DESCRIPTION | |
| Extent | xviii, 463 p.: |
| Dimensions | 25 cm. |
| 500 ## - GENERAL NOTE | |
| General note | Includes subject index |
| 505 ## - FORMATTED CONTENTS NOTE | |
| Formatted contents note | Contents: Nature and scope of constitutional law -- Constitutional history of Ghana: General evolution -- Basic constitutional framework -- Distribution of national powers -- Fundamental human rights, state action and judicial protection -- Autonomous constitutional bodies -- Traditional constitutional institutions -- Citizenship -- |
| 653 ## - INDEX TERM--UNCONTROLLED | |
| Uncontrolled term | Constitutional law -- Ghana |
| 942 ## - ADDED ENTRY ELEMENTS (KOHA) | |
| Source of classification or shelving scheme | Library of Congress Classification |
| Koha item type | Books |
| Withdrawn status | Lost status | Source of classification or shelving scheme | Damaged status | Not for loan | Home library | Current library | Shelving location | Date acquired | Total Checkouts | Full call number | Barcode | Date last seen | Copy number | Price effective from | Koha item type |
|---|---|---|---|---|---|---|---|---|---|---|---|---|---|---|---|
| Library of Congress Classification | WISCONSIN INTERNATIONAL UNIVERSITY COLLEGE, GHANA KUMASI LIBRARY | WISCONSIN INTERNATIONAL UNIVERSITY COLLEGE, GHANA KUMASI LIBRARY | Law Library | 02/06/2023 | KRX1750.A26 | KSL/2119/322/23 | 26/06/2023 | 1 | 26/06/2023 | Books | |||||
| Library of Congress Classification | WISCONSIN INTERNATIONAL UNIVERSITY COLLEGE, GHANA KUMASI LIBRARY | WISCONSIN INTERNATIONAL UNIVERSITY COLLEGE, GHANA KUMASI LIBRARY | Law Library | 02/06/2023 | KRX1750.A261 | KSL/2120/323/23 | 26/06/2023 | 2 | 26/06/2023 | Books | |||||
| Library of Congress Classification | WISCONSIN INTERNATIONAL UNIVERSITY COLLEGE, GHANA KUMASI LIBRARY | WISCONSIN INTERNATIONAL UNIVERSITY COLLEGE, GHANA KUMASI LIBRARY | Law Library | 02/06/2023 | KRX1750.A262 | KSL/2121/324/23 | 26/06/2023 | 3 | 26/06/2023 | Books |
